Johannesburg - quiz wielokrotnego wyboru - Statystyki

Ogólne statystyki
  • Ten quiz został rozwiązany 427 razy
  • Średni wynik to 5 z 10
Statystyki odpowiedzi
Zagadnienie Odpowiedź % Poprawnych
W którym roku Johannesburg gościł finały mistrzostw świata w piłce nożnej? 2010
92%
Vilakazi Street w Johannesburgu jest jedyną ulicą na świecie, przy której mieszkało dwóch przyszłych _____ Laureatów Pokojowej Nagrody Nobla
72%
Jaka wojna doprowadziła do zajęcia Johannesburga przez Brytyjczyków w 1900 r? II wojna burska
63%
Która z trzech stolic RPA znajduje się w obszarze metropolitarnym Johannesburga? Pretoria
63%
Jak wskaźnik zabójstw w Johannesburgu wypada w porównaniu do Londynu? Johannesburg ma 35x wyższy
54%
Jaki jest najczęściej używany język w Johannesburgu oprócz angielskiego? Zulu
34%
Która stolica innego państwa niż RPA leży najbliżej Johannesburga? Gaborone
31%
Jak nazywa się ekosystem trawiasty lub zaroślowy typowy dla okolic Johannesburga? Weldy
29%
Johannesburg został założony w 1886 r. po odkryciu złóż ... Złota
27%
Jak nazywa się prowincja, w której położony jest Johannesburg? Gauteng
23%
Nie znaleziono quizów pasujących do podanych kryteriów
Rozkład punktacji
Procent ludzi z każdym wynikiem
Percentyl według liczby udzielonych odpowiedzi
Twoja historia wyników
Nie rozwiązałeś tego quizu